Statistiques concernant Grades de l'armée belge (Composante terre)

Cliquez ici pour prendre le quiz!

Statistiques générales

  • Ce quiz a été pris 1 261 fois
  • Le résultat moyen est 15 sur 22

Statistiques - réponses

Réponse% Correct
Sergent (OR-5)
96%
Lieutenant (OF-1)
91%
Sous-lieutenant (OF-1)
82%
Général (OF-9)
81%
Adjudant-major (OR-9)
78%
Adjudant-chef (OR-9)
77%
Premier sergent (OR-6)
77%
Premier soldat (OR2)
73%
Colonel (OF-5)
71%
Premier sergent-major (OR-7)
71%
Adjudant (OR-8)
69%
Général de brigade (OF-6)
67%
Caporal (OR3)
64%
Caporal-chef (OR4)
63%
Premier sergent-chef (OR-6)
63%
Général-major (OF-7)
60%
Lieutenant-colonel (OF-4)
59%
Capitaine (OF-2)
54%
Capitaine-commandant (OF-3)
53%
Premier caporal-chef (OR4)
51%
Lieutenant général (OF-8)
50%
Major (OF-3)
50%

Distribution des résultats

Percentile par nombre de réponses

% des personnes avec chaque résultat

Votre développement - résultats

Vous n’avez pas pris ce quiz